000 01129nam a22003017i 4500
003 EG-GICUC
005 20260505132058.0
008 260505s1927 ua |||fr|||| 00| 0 ara d
040 _a EG-GICUC
_bara
_c EG-GICUC
_d EG-GICUC
_erda
041 0 _aara
082 0 4 _221
_a341.81
_bع ب . ا
092 0 4 _221
099 _aLaw1 11 341.81 ع ب . ا 1927
100 0 _aعبدالحميد بدوي
_eمؤلف.
245 1 2 _aالاجانب فى مصر :
_bالجنسية المصرية الطوائف الدينيه فى مصر /
_cتأليف عبدالحميد بدوي.
264 1 _aالقاهرة :
_bمكتبة عبد الله وهبه ،
_c1927.
300 _a137 صفحة ؛
_c24 سم
336 _2rda content
_atext
337 _2rda media
_aComputer
338 _2rda carrier
_aOnline Resource
504 _a. 240-220 ببليوجرافيا: صفحات.
546 _aالنص باللغة العربية
650 1 4 _aاالقانون الدولي الخاص
_vالجنسية
_2qrmak
651 1 _2qrmak
856 4 0 _uhttps://fll.law.cu.edu.eg/fulltext/bks/B12-00042.pdf
905 _a56
942 _2ddc
_cBK
_e21
_n0
999 _c75707
_d75707